[Event "Latin Cup-A 9th"]
[Site "Lima"]
[Date "2018.01.31"]
[Round "4"]
[White "Molina, Roberto Junio Brito"]
[Black "Principe, Alexander"]
[Result "1-0"]
[WhiteElo "2448"]
[BlackElo "2264"]
[PlyCount "73"]
[EventDate "2018.01.29"]
[EventType "tourn"]
[EventRounds "9"]
[EventCountry "PER"]
[SourceTitle "CBM 182 Extra"]
[Source "ChessBase"]
[SourceDate "2018.02.23"]
[SourceVersion "1"]
[SourceVersionDate "2018.02.23"]
[SourceQuality "1"]

1. d4 Nf6 2. c4 g6 3. g3 Bg7 4. Bg2 0-0 5. Nc3 d6 6. Nf3 Nbd7 7. 0-0 e5 8. b3 Re8 9. Bb2 a5 10. e4 exd4 11. Nxd4 Nc5 12. Qc2 c6 13. Rad1 Qb6 14. h3 a4 15. Kh2 axb3 16. axb3 h5 17. Rfe1 h4 18. g4 g5 19. Bc1 Nh7 20. Nce2 Be5+ 21. Kg1 Na6 22. Be3 c5 23. Nb5 Nb4 24. Qd2 Ra2 25. Qxb4 Qc6 26. Qc3 Bxc3 27. Nexc3 Rc2 28. Rxd6 Rxc3 29. Rxc6 Rxe3 30. Rxe3 bxc6 31. Nd6 Rd8 32. e5 f6 33. Bxc6 fxe5 34. Bd5+ Kg7 35. Nxc8 Rxc8 36. Rxe5 Rb8 37. Be4 1-0